000 00626nam a2200253Ia 4500
005 20260320200840.0
008 008 262003s9999 xx 000 0 eng d
020 _a9781630810016
037 _aEBOOK
040 _aCRL
040 _beng
040 _cCRL
041 _2eng
041 _aeng
084 _qCRL
100 _aFung
245 0 _aBackscattering from Multiscale Rough Surfaces with Application to Wind Scatterometry
260 _bIEEE
260 _c2015
856 _uhttps://ieeexplore.ieee.org/servlet/opac?bknumber=9100250
942 _cEBOOK
999 _c1717272
_d1717272